000 00459nam a22001937a 4500
005 20251108174759.0
008 250721s1999 xx 000 0 eng d
020 _a055254583X
082 1 4 _aJ/F/WEL
100 1 _awells, rosemary
245 1 0 _aBunny money /
264 _c1999.
300 _a12P.
650 1 7 _aFICTION
650 1 7 _aCHILDREN
653 _aاطفال مرحلة متوسطة(6-9) سنوات
942 _2ddc
_cBK
999 _c117853
_d117853